| 000 | 00522nam a2200193Ia 4500 | ||
|---|---|---|---|
| 005 | 20250603144704.0 | ||
| 008 | 250603s9999 xx 000 0 und d | ||
| 020 | _a0757526675 | ||
| 050 | _aP 35 .C595/ | ||
| 100 | _aGruber, Sibylle | ||
| 245 | 0 | _aComposing identity through language, culture, technology, and the environment : a rhetoric and reader | |
| 250 | _a2nd | ||
| 260 | _aDubuque | ||
| 260 | _bKendall /Hunt Publishing Company | ||
| 260 | _c2002 | ||
| 300 | _a261 p | ||
| 650 | _aDubuque | ||
| 942 | _cBK | ||
| 999 |
_c39660 _d39660 |
||